| 000 | 00417nam a2200121 a 4500 | ||
|---|---|---|---|
| 001 | 000036325 | ||
| 005 | 20200930075653.0 | ||
| 008 | 120113s1969 uy a 000 0 spa d | ||
| 040 |
_aDO-SdBNP _bspa _cBNPHU |
||
| 245 | 0 | 0 |
_aDe la emoción a la lesión : _bfisiología y patofisiología de las correlaciones psicofísicas: aspectos terapéuticos. |
| 260 |
_aMontevideo : _bRoche, _c1969. |
||
| 300 |
_a160 p. : _bil. ; _c24 cm. |
||
| 999 |
_c35816 _d35816 |
||